Estadísticas para Cercanías Zaragoza

Haz click aquí para intentar la prueba.

Estadísticas generales

  • Esta prueba ha sido intentada 36 veces
  • La puntuación promedio es 5 de 6

Estadísticas de respuestas

Respuesta% Correcto
Zaragoza - Goya
89%
Zaragoza - Delicias
86%
Utebo
83%
Miraflores
80%
Casetas
74%
Zaragoza - Portillo
74%

Distribución de puntuación

Porcentaje por número respondido

Porcentaje de gente con cada puntuación

Historial de tus puntuaciones

No has intentado esta prueba.